006530000a22002050004500090001300000100003700013700003200050245007900082651002800161651004200189690002700231690004000258690002900298690002800327041001400355044001300369942001300382773003500395999001700430 aSERIADAS1 aGarzón Venegas, Javier91007231 aOrozco, Clara Inés99540910aDeprea Cyanocarpa (Solanaceae, physaleae)suna nueva especie para Colombia 4pColombiadTolima992749 4dTolimalCañón del Combeima992749 aNuevas especies992905 aDescripciones taxonómicas9100719 aFlora de Colombia929781 aBosques montanos9938290 aEspañol aColombia cARTICULO1 tCaldasiah2q219-227d2007g29 c16389d16389